A nossa independencia e o iberismo / (Record no. 163959)

MARC details
000 -LEADER
campo de control de longitud fija 00880nam a22002055i 4500
001 - NÚMERO DE CONTROL
campo de control 163959
003 - IDENTIFICADOR DE NÚMERO DE CONTROL
campo de control ES-MaACL
005 - FECHA Y HORA DE LA ÚLTIMA TRANSACCIÓN
campo de control 20250717065137.0
008 - DATOS DE LONGITUD FIJA--INFORMACIÓN GENERAL
campo de control de longitud fija 991117s1893 po a |||| | por d
040 ## - FUENTE DE CATALOGACIÓN
Centro catalogador/agencia de origen CCPB | B
Lengua de catalogación spa
Centro/agencia transcriptor CCPB | B
100 1# - ENTRADA PRINCIPAL--NOMBRE DE PERSONA
Nombre de persona Rosa, Accacio.
9 (RLIN) 132056
245 10 - MENCIÓN DEL TÍTULO
Título A nossa independencia e o iberismo /
Mención de responsabilidad, etc. Accacio Rosa ; obra illustrada com o retrato do auctor e prefaciada por Antonio de Serpa Pimentel ; e precedida de cartas ineditas, expressamente dirigidas ao auctor, pelos reconhecidos pensadores ...
260 ## - PUBLICACIÓN, DISTRIBUCIÓN, ETC.
Lugar de publicación, distribución, etc. Lisboa :
Nombre del editor, distribuidor, etc. [s.n.,
Fecha de publicación, distribución, etc. s.a.] (
Fabricante Typographia de F. Silva)
300 ## - DESCRIPCIÓN FÍSICA
Extensión XL, 310, [1] p., [1] h. de fot. ;
Dimensiones 17 cm.
596 #1 - NOTA AL PIE DE IMPRENTA
NOTA AL PIE DE IMPRENTA En fin de texto consta el año 1893.
651 #4 - PUNTO DE ACCESO ADICIONAL DE MATERIA--NOMBRE GEOGRÁFICO
Nombre geográfico Portugal-
Subdivisión general Historia.
9 (RLIN) 6241
700 1# - ENTRADA AGREGADA--NOMBRE PERSONAL
Nombre de persona Serpa Pimentel, António de,
Fechas asociadas al nombre 1825-1900
9 (RLIN) 132658
852 ## - LOCALIZACIÓN
Ubicación ES-MaACL
Número de control de estantería G-8841
Nota libre -- Rust.
Holdings
Estatus retirado Estado de pérdida Estado de daño No para préstamo Biblioteca de origen Biblioteca actual Ubicación en estantería Fecha de adquisición Fuente de adquisición Total de préstamos Signatura topográfica completa Código de barras Visto por última vez Precio de reemplazo Tipo de ítem Koha
        Biblioteca del Ateneo de Madrid Biblioteca del Ateneo de Madrid Sala Pecera Planta 3 17/01/2008     G-8841 1171842 23/02/2023 23/02/2023 Libro impreso